| 000 | 00700nam a2200229 a 4500 | ||
|---|---|---|---|
| 001 | BRCA_5224 | ||
| 005 | 20190320205006.0 | ||
| 008 | 261110s1904----uk-a######---#000-0#eng-# | ||
| 041 | _aeng | ||
| 044 | _aUk | ||
| 050 | 4 |
_aND801 _b.G37 1904 |
|
| 100 | 1 |
_aGasquoine Hartley, C. _911291 |
|
| 245 | 1 | 0 |
_aA record of spanish painting _cby C. Gasquoine Hartley. |
| 260 |
_aGran Bretaña _bThe Walter Scott _c1904 |
||
| 300 |
_axix, 365 p. _bil. (algunas a color), 55 láminas _c24 cm. |
||
| 500 | _aIncluye índice de ilustraciones, apéndices e índice analítico | ||
| 500 | _aE57 | ||
| 504 | _aBibliografía: p. 358-360 | ||
| 650 | 1 | 4 |
_aPintores españoles _97620 |
| 902 | _aGFM | ||
| 942 |
_2lcc _cB |
||
| 999 |
_c4918 _d4918 |
||